000 01783nam a2200421Ii 4500
001 48226
003 FINmELB
005 20241216231930.0
006 m o d |
007 cr cnu||||||||
008 231009s2019 sp a ob 000|0 spa d
020 _a9788490977446
_qebook
020 _z9788490977149
035 _a(OCoLC)1405223384
040 _aFINmELB
_bspa
_erda
_cFINmELB
050 1 4 _aQA93
_b.C378 2019
080 _a51
082 0 4 _a510
_223
100 1 _aCarvajal, Ana,
_eautor.
245 1 0 _aDemostraciones visuales :
_bver para pensar /
_cAna Carvajal Sánchez y José Luis Muñoz Casado.
264 1 _aMadrid :
_bCatarata,
_c[2019]
300 _a1 recurso en línea :
_bilustraciones
336 _atexto
_btxt
_2rdacontent/spa
337 _acomputadora
_bc
_2rdamedia/spa
338 _arecurso en línea
_bcr
_2rdacarrier/spa
490 1 _aColección Miradas matemáticas ;
_v8
504 _aIncluye referencias bibliográficas.
588 _aDescripción basada en metadatos suministrados por el editor y otras fuentes.
590 _aRecurso electrónico. Santa Fe, Arg.: elibro, 2023. Disponible vía World Wide Web. El acceso puede estar limitado para las bibliotecas afiliadas a elibro.
650 4 _aMatemáticas
_vObras populares.
650 4 _aTeorema de Pitágoras.
655 4 _aLibros electrónicos.
700 1 _aMuñoz Casado, José Luis,
_eautor.
776 0 8 _iVersión impresa:
_aCarvajal, Ana.
_tDemostraciones visuales.
_dMadrid : Catarata : Instituto de Ciencias Matemáticas ; Albacete : Federación Española de Sociedades de Profesores de Matemáticas, [2019]
_z9788490977149
797 2 _aelibro, Corp.
830 0 _aColección Miradas matemáticas ;
_v8.
856 4 0 _uhttps://elibro.net/ereader/politecnicointernacional/233737
999 _c48226
_d48226